False dawn /

Bibliographic Details
Main Author: Levine, Paul (Paul J.)
Format: Book
Language:English
Published: New York : Bantam Books, [1993]
Subjects:

MARC

Tag First Indicator Second Indicator Subfields
LEADER 00000cam a2200000 a 4500
001 in00001152575
005 20151001061832.0
008 920804s1993 nyu 000 1 eng
010 |a  92031456  
020 |a 0553089951 :  |c $21.95 ($24.95 Can.) 
035 |a (OCoLC)26503572 
035 |9 AGD4230AM 
040 |a DLC  |c DLC  |d OCL  |d TXA  |d UtOrBLW 
043 |a n-us-fl 
049 |a TXAM 
050 0 0 |a PS3562.E8995  |b F3 1993 
082 0 0 |a 813/.54  |2 20 
100 1 |a Levine, Paul  |q (Paul J.) 
245 1 0 |a False dawn /  |c Paul Levine. 
264 1 |a New York :  |b Bantam Books,  |c [1993] 
300 |a 303 pages ;  |c 24 cm. 
336 |a text  |b txt  |2 rdacontent 
337 |a unmediated  |b n  |2 rdamedia 
338 |a volume  |b nc  |2 rdacarrier 
650 0 |a Lassiter, Jake (Fictitious character)  |x Fiction. 
651 0 |a Miami (Fla.)  |v Fiction. 
655 7 |a Legal stories.  |2 gsafd 
999 |a MARS 
999 f f |s 1d29e884-524a-3634-b38e-1d676df84b3f  |i ff96dace-76df-304d-9e23-c649372b642e  |t 0 
952 f f |p ric  |a Texas A&M University  |b Rellis Campus  |c Joint Library Facility  |d Remote Storage  |t 0  |e PS3562.E8995 F3 1993  |h Library of Congress classification  |i unmediated -- volume  |m A14817682030 
998 f f |a PS3562.E8995 F3 1993  |t 0  |l Remote Storage